ANTIBIOTICS RESISTANT PROFILES IN SALMONELLA SPP.IN CHICKENS AND PORK IN RETAIL AT MARKET OF KAMPONG SPEU AND TAKEO PROVINCE.ករណី Salmonella spp.ស៊ាំនិងឱសថអង់ទីប្យូទិចក្នុងសាច់មាន់ និងសាច់ជ្រូកលក់នៅទីផ្សារខេត្តកំពង់ស្ពឺ និងខេត្តតាកែវ (Record no. 20378)

000 -LEADER
fixed length control field 00756nam a22001217a 4500
040 ## - CATALOGING SOURCE
Transcribing agency RUA
100 ## - MAIN ENTRY--AUTHOR NAME
Personal name ROEURN SOPHAI,រឿន សុផៃ
245 ## - TITLE STATEMENT
Title ANTIBIOTICS RESISTANT PROFILES IN SALMONELLA SPP.IN CHICKENS AND PORK IN RETAIL AT MARKET OF KAMPONG SPEU AND TAKEO PROVINCE.ករណី Salmonella spp.ស៊ាំនិងឱសថអង់ទីប្យូទិចក្នុងសាច់មាន់ និងសាច់ជ្រូកលក់នៅទីផ្សារខេត្តកំពង់ស្ពឺ និងខេត្តតាកែវ
260 ## - PUBLICATION, DISTRIBUTION, ETC. (IMPRINT)
Place of publication phnom penh
Name of publisher rua
Year of publication 2019
300 ## - PHYSICAL DESCRIPTION
Number of Pages vii.32p.
Other physical details ill.
Dimensions 29cm.
856 ## - ELECTRONIC LOCATION AND ACCESS
Uniform Resource Identifier https://drive.google.com/file/d/12AuPiuoC2Xfdwc0a33YuJXtYJs7U8T7h/view?usp=share_link
942 ## - ADDED ENTRY ELEMENTS (KOHA)
Koha item type VEM
952 ## - LOCATION AND ITEM INFORMATION (KOHA)
Withdrawn status [LOCAL, KOHA] 0
952 ## - LOCATION AND ITEM INFORMATION (KOHA)
Withdrawn status [LOCAL, KOHA] 0
952 ## - LOCATION AND ITEM INFORMATION (KOHA)
Withdrawn status [LOCAL, KOHA] 0
952 ## - LOCATION AND ITEM INFORMATION (KOHA)
Withdrawn status [LOCAL, KOHA] 0
952 ## - LOCATION AND ITEM INFORMATION (KOHA)
Withdrawn status [LOCAL, KOHA] 0
952 ## - LOCATION AND ITEM INFORMATION (KOHA)
Withdrawn status [LOCAL, KOHA] 0
Holdings
Permanent Location Date acquired Koha item type Lost status Shelving location Barcode Current Location Full call number
Library Block B2022-08-29VEM B1.558A070368Library Block BVEM ROE 2019 B1-558 Or.
Library Block B2022-08-29VEM B1.558A070428Library Block BVEM ROE 2019 B1-558 Or.
Library Block B2022-08-29VEM B1.558A070536Library Block BVEM ROE 2019 B1-558 Or.
Library Block B2022-08-29VEM B1.558A070476Library Block BVEM ROE 2019 B1-558 Or.
Library Block B2022-08-29VEM B1.558A070936Library Block BVEM ROE 2019 B1-558 Or.
Library Block B2022-08-29VEM B1.558A070996Library Block BVEM ROE 2019 B1-558 Or.
មជ្ឈមណ្ឌលឯការនៃសាកលវិទ្យាល័យភូមិន្ទកសិកម្មចំការដូង

Powered by Koha